[Event "RUS-Cup07"]
[Site "Tomsk"]
[Date "1998.07.17"]
[Round "3"]
[White "Yurtaev, Leonid"]
[Black "Lopushnoy, Denis"]
[Result "1-0"]
[WhiteElo "2520"]
[BlackElo "2390"]
[Annotator "Baburin,A"]
[PlyCount "39"]
[EventDate "1998.07.15"]
[EventType "swiss"]
[EventRounds "9"]
[EventCountry "RUS"]
[SourceTitle "CBM 067"]
[Source "ChessBase"]
[SourceDate "1998.11.30"]
[SourceVersion "2"]
[SourceVersionDate "1998.11.01"]
[SourceQuality "1"]

1. e4 {Smirin,I} c5 2. Nf3 Nc6 3. Bb5 g6 4. O-O Bg7 5. Re1 Nf6 6. d4 (6. e5 {
Smirin,I} Ng4 (6... Nd5 $5 7. Nc3 Nc7 8. Bxc6 dxc6 9. d3 O-O $132 {[%cal Gc7e6,
Yf7f5]}) 7. Bxc6 dxc6 8. Nc3 O-O 9. h3 Nh6 10. Ne4 b6 11. d3 f6 12. Bf4 Nf7 13.
Ng3 fxe5 $6 (13... h6 $5 14. e6 Ng5 $13) 14. Nxe5 Qc7 (14... Qd4 $5 15. Ne2
Qxb2 $132) 15. Nxg6 e5 16. Nxf8 exf4 17. Re8 Bxf8 18. Ne4 $36 {Cuartas,C-Puhm,
A/Nice olm 1974/1-0 (63)}) 6... cxd4 7. e5 (7. Nxd4 $6 {Smirin,I} O-O 8. Nc3 a6
9. Bf1 d6 10. h3 Nxd4 11. Qxd4 Be6 $11 {0-1 Romao,A-Frois,A/POR-chT 1993 (27)})
7... Nd5 8. Bxc6 dxc6 {Smirin,I: 'It is better than'} (8... bxc6 {Smirin,I} 9.
Qxd4 O-O 10. c4 Nc7 11. Qh4 Ne6 12. Bh6 f6 13. Bxg7 Kxg7 14. Nd4 $1 $14 {
and white has visible space advantage.}) 9. Qxd4 {White's idea of 6 d4 and 7
e5 is very interesting, as it has led to a situation, where White might obtain
good attacking prospects. He needs to exchange the dark-squared bishops, which
will considerably weaken the dark squares in Black's camp. Black should oppose
this plan.} Qb6 10. Qh4 $1 {White prepares to meet ...0-0 with Bh6.} h6 $1 {
This is a standard way to parry the threat of Bh6 - before Black has castled,
he might drive the enemy queen away by ...g5.} 11. Na3 {'!?' Smirin,I.} g5 $2 {
Black has confused the ability to drive away White's queen with an obligation
to do so!} ({He would be much better off playing} 11... Bf5 {and waiting for
White to show his hand.}) (11... Bf5 $5 {Smirin,I} 12. c4 Nb4 13. Be3 (13. c5
Qxc5 14. Be3 Qa5 15. Bd2 c5 16. Nc4 Qb5 $15) 13... c5 $13) 12. Qe4 {'+/='
Smirin,I.} O-O $2 {'?!' Smirin,I. Castling kingside was no longer safe, but
Black failed to realise this. He had to play 12...Be6, preparing ...0-0-0, if
necessary.} 13. Nc4 Qc7 {In this position White has more space, better
development and a clear target for attack on the kingside - quite enough for
launching a direct assault on the enemy king.} (13... Qc5 $8 {Smirin,I} 14.
Bxg5 hxg5 15. Nxg5 Rd8 16. e6) 14. Bxg5 $3 {[%mdl 640] GM Yurtaev is
particularly dangerous in situations where he has the initiative, and here he
leads the attack masterfully.} hxg5 15. Nxg5 {Without pawns on the kingside,
Black cannot successfully defend his king and here he does not have many
pieces there either.} f5 {'?' Smirin,I. Smirin,I: 'Losing immidiatly. But also
after the best'} ({Also bad is} 15... Rd8 16. e6 $1 Qf4 {'[]' Smirin,I.} (16...
fxe6 17. Qh7+ Kf8 18. Ne5 $18 (18. Ne5 Nf4 19. Re4 $18)) (16... Bxe6 $8 {
Smirin,I} 17. Qh7+ Kf8 18. Rxe6 Nf6 19. Qf5 {[%cal Gc4e5] white has a strong
attack and pawn more} Qc8 20. Ne5 $1 (20. Re5 Qxf5 21. Rxf5 Rd4 $16) 20... Rd6
$8 21. Nexf7 Rxe6 {[%tqu "En","","","","f5g6","",10]} 22. Qg6 $3 $18 {[%cal
Gf7d8,Gf7d6,Gf7e5]} Re2 23. Ne5 Qe8 24. Ne6+ Kg8 25. Qxg7#) {as after} 17.
exf7+ Kf8 18. Qg6 Nf6 {White demolishes Black's position with} 19. Rxe7 $1 Qxc4
20. Rae1 $18) 16. Qh4 Rd8 17. Qh7+ Kf8 18. e6 $1 {'+-!' Smirin,I.} Qf4 ({
Doesn't help} 18... Nf6 {Smirin,I} 19. Qg6 Kg8 20. Ne5 Rf8 21. Qf7+ $1 Rxf7 22.
exf7+ Kh8 23. Ng6#) 19. Qg6 Kg8 20. Ne5 1-0

[Event "NED-ch"]
[Site "Amsterdam"]
[Date "2016.08.25"]
[Round "4"]
[White "Van Foreest, Jorden"]
[Black "Reinderman, Dimitri"]
[Result "0-1"]
[WhiteElo "2601"]
[BlackElo "2584"]
[Annotator "Baldauf/van Foreest,J"]
[PlyCount "80"]
[EventDate "2016.08.22"]
[EventType "tourn"]
[EventRounds "7"]
[EventCountry "NED"]
[EventCategory "14"]
[SourceTitle "CBM 174"]
[Source "ChessBase"]
[SourceDate "2016.09.13"]
[SourceVersion "1"]
[SourceVersionDate "2016.09.13"]
[SourceQuality "1"]
[TimeControl "6000+1240"]
[WhiteClock "0:00:39"]
[BlackClock "0:00:58"]

1. e4 c5 2. Nf3 Nc6 3. Bb5 g6 4. Bxc6 bxc6 5. O-O Bg7 6. Re1 Nh6 7. c3 O-O 8.
h3 $5 (8. d4 {ist der Hauptzug, der jedoch folgenden sofortigen Gegenstoß
zulässt:} cxd4 9. cxd4 d5 (9... f6 10. Nc3 d6 11. Qa4 Qb6 12. Nd2 $13 {1/2-1/2
(45) Fischer,R (2785)-Spassky,B (2560) Belgrade 1992 CBM 031 [Ftacnik,L]}) 10.
e5 f6 11. Nbd2 fxe5 12. Nxe5 Bxe5 $5 13. dxe5 Qb6 14. Nf3 Nf5 $132 {1/2-1/2 
(41) Areshchenko,A (2661)-Wei,Y (2734) Baku 2015}) 8... f5 (8... f6 9. d4 cxd4
10. cxd4) (8... d5 $2 9. d3 $14) 9. d3 Nf7 10. e5 Ba6 {eine sehr komplexe und
ebenso unkonventionelle Stellung ist nach der Eröffnung entstanden: Weiß wird
versuchen, die schwarzen Figuren bestmöglich einzuschnüren und dadurch seinen
Raumvorteil auszunutzen. Mittelfristig wird vor allem die Bauernschwäche c5
aufs Korn genommen, auch der La6 droht langfristig zum schwarzen Sorgenkind zu
werden. In der Partie gelingt es Reinderman allerdings genug Gegenspiel für
die positionellen Nachteile zu organisieren.} 11. Bf4 $146 (11. c4 e6 12. Nc3
g5 13. Be3 h5 14. h4 g4 15. Ng5 Nxe5 16. Bxc5 Ng6 17. g3 Re8 18. Qa4 Bb7 19.
Qb4 Ba6 20. Qa3 Bb7 21. Qb4 Ba6 22. Qa3 Bb7 23. Qb4 {1/2-1/2 (23) Inarkiev,E 
(2730)-Gelfand,B (2734) Magas RUS 2016}) 11... Qb6 12. b3 d6 13. h4 $5 {
Diagramm [#]} (13. Na3 {wäre ein soliderer Weg gewesen, die Stellung in normal
Bahnen zu lenken.} Rad8 14. Nc4 Bxc4 15. bxc4 Qc7 16. exd6 exd6 17. Qc2 $13) (
13. c4 $5 {so könnte Weiß die Qualität unter evtl. besseren Umständen opfern}
Qb8 14. Nc3 $1 dxe5 15. Nxe5 Bxe5 16. Rxe5 Nxe5 17. Qe2 Nf3+ $1 18. Qxf3 e5 19.
Be3 $44) 13... dxe5 (13... Rad8 $142 {würde die weißen Pläne durchkreuzen und
die Empfehlung nahelegen, 13.h4 durch 13.c4 zu ersetzen.}) 14. Nxe5 Bxe5 {
Diagramm [#] Van Foreest: Reinderman überraschte mich etwas in der Eröffnung,
was ihm jedoch normalerweise gegen mich gelingt, somit war es keine große
Sache. Hier war eine sehr interessante Stelle, da ich die Option habe mit dem
Läufer oder dem Turm wiederzunehmen. Das Nehmen mit dem Turm ist ein
Qualitätsopfer, über das ich mir keineswegs sicher war. Somit wollte ich
ursprünglich natürlich mit dem Läufer nehmen, realisierte dann aber
Reindermans Trick mit 17...Lxc4} 15. Rxe5 (15. Bxe5 Rad8 16. c4 Nxe5 17. Rxe5
Bxc4 $1 18. bxc4 $140 $2 (18. Nc3 {Van Foreest: ich sah, dass diese Stellung
nicht so schlecht für mich ist aber dachte, dass ich nicht besser stehen kann
und für ein Remis leiden muss, somit nahm ich im 15. Zug mit dem Turm auf e5.
Nachdem ich nach der Partie nach Hause gekommen war, sah ich, dass der
Computer die Position nach 15.Lxe5 nicht schlechter für Weiß einschätzt, ja
sogar einen kleinen Vorteil gibt.}) 18... Qb2 {Van Foreest: und dieser
Doppelangriff auf meine Türme ist der Punkt des schwarzen Spiels.}) 15... Nxe5
16. Bxe5 f4 {Aktivität geht hier über alles - Schwarz beginnt um die schwarzen
Felder zu kämpfen. Während Van Foreest die Entwicklung beendet, muss
Reinderman schnellstmöglich etwas auf die Beine stellen, andernfalls wäre die
Kompensation auf den schwarzen Feldern riesig. Dennoch denke ich, dass die
einmalige Gelegenheit, dem La6 Leben einzuhauchen mittels des Bauernopfer 16...
c4 eine bessere Option war.} (16... c4 $5 {verschafft dem La6 eine Diagonale}
17. dxc4 Rad8 18. Qe2 c5 $13) 17. c4 {Diagramm [#]} Rf5 (17... f3 $5 18. Nc3
fxg2 19. Qe2 $44) 18. Qe1 Raf8 (18... Rd8 19. Nc3 (19. Bb2 e5 $1) 19... Rxd3
20. Na4 Qb4 21. Bc3 Qb7 $13) 19. Nd2 Qd8 20. Nf3 Bc8 {Van Foreest: Nach dem
Qualitätsopfer entstand eine hochkomplizierte Partie, in der Reinderman
einfach besser gespielt hat als ich. Mein nächster Zug war etwas ungenau, ich
hatte seine Lg4-Idee einfach übersehen.} 21. Rd1 $6 Rh5 $1 {Diagramm [#] Van
Foreest: Nun bemerkte ich plötzlich die Drohung Lg4 und Panik ergriff mich,
sodass ich die Möglichkeit 22. Td2 verpasste, der einzige Zug, mit dem ich
noch im Spiel bleibe.} 22. Bc3 $2 (22. Rd2 $142 Bg4 23. Nh2 Bd7 (23... e6 $2
24. f3 $1 (24. Nxg4 $2 Qxh4) 24... Bf5 25. Bxf4 Rxh4 26. Be3 $44) 24. Nf3 Bg4
25. Nh2) {Van Foreest: ich spielte jedoch 22. Lc3 und nach seinem sehr starken}
22... e5 $1 {, das ich übersehen hatte ist mein Läufer plötzlich aus dem
Spiel und die Partie ist im Grunde genommen plötzlich verloren.} (22... Bg4
23. Ng5 $13) 23. Qe4 (23. Nxe5 $2 Qxh4 $19) (23. Bxe5 Re8 {[%cal Gc8g4]}) 23...
Bg4 24. Ng5 {Ein letztes Strohfeuer - Schwarz kann alle Drohungen abwehren und
verbleibt mit Materialplus} Bxd1 25. Qxe5 Rf6 26. Qxf6 Qxf6 27. Bxf6 Bc2 28.
Ne4 Rf5 {Der so bescheidene La6 hat große Karriere gemacht und holt nun die
wehrlosen weißen Bauern am Damenflügel ab, die ihn zuvor so gut ihm Griff
hatten.} 29. Bb2 (29. Be7 $1 Bxd3 30. Nxc5 Bb1 31. a4 $17) 29... Bxd3 30. Nf6+
Kf7 31. Nxh7 Bb1 32. Ng5+ Ke7 33. a3 Ba2 34. Nf3 Bxb3 35. Ne5 g5 36. h5 Kf8 37.
Kh2 g4 38. Ng6+ Kf7 39. Ne5+ Ke6 40. Nd3 Bxc4 0-1

[Event "EU-chT (Men) 19th"]
[Site "Warsaw"]
[Date "2013.11.10"]
[Round "3.3"]
[White "Bartel, Mateusz"]
[Black "Mamedov, Rauf"]
[Result "1-0"]
[WhiteElo "2626"]
[BlackElo "2647"]
[Annotator "Bartel,M"]
[PlyCount "137"]
[EventDate "2013.11.08"]
[EventType "team-swiss"]
[EventRounds "9"]
[EventCountry "POL"]
[SourceTitle "CBM 158"]
[Source "ChessBase"]
[SourceDate "2014.01.16"]
[SourceVersion "1"]
[SourceVersionDate "2014.01.16"]
[SourceQuality "1"]
[WhiteTeam "Poland"]
[BlackTeam "Azerbaijan"]
[WhiteTeamCountry "POL"]
[BlackTeamCountry "AZE"]

1. e4 c5 2. Nf3 Nc6 3. Bb5 {The Rossolimo is a regular guest in games at any
level nowadays. There are only a few forced lines here and no-one wants to
check tons of theory before the game.} g6 4. c3 {This move isn't very popular
as it makes taking on c6 sensless - it works only with a solid pawn structure
- c2-d3-e4. With the pawn on c3 White has two options - to play d4 quickly or
to play slowly, as happened in the game.} Nf6 5. Qe2 Bg7 6. O-O O-O 7. d3 Qb6
$6 {This move is very weak and surprised me a lot - usually such strong
players as Mamedov don't make such moves. There is no point for Black to waste
time to improve the bishop's position. And it is a real improvement for the
bishop to change the b5-square to, let's say, b3 or c2.} ({Both} 7... d6 {
(to continue development with ...Bd7 and - maybe with Ne8-c7 and later b5)}) ({
and} 7... Qc7 {(to be able to take on c6 with queen and to take e5 under
control)}) ({or even} 7... a6 {(if you aren't afraid and want to play b5
quickly) looked more logical.}) 8. Ba4 d6 9. h3 {It's not always that this
move makes a lot of sense, but I felt that in such a position it is useful -
it's better to take g4 under control, as Black can seriously consider
Bc8-g4xf3.} Qc7 {Black quickly addmits that ...Qb6 was a waste of time.
However, one can say that it doesn't matter, because there is no hurry in such
positions.} 10. Bb3 ({This move prepares d3-d4, what wasn't possible now:} 10.
d4 cxd4 11. cxd4 d5 12. e5 Ne4 {and Black is fine.}) 10... e5 {I have the
feeling that this move is suspicious, but it can be a matter of taste, though.
I think that there was no point in weakening the light squares so much.} ({
The normal continuation was} 10... b5 11. Bg5 (11. a4 b4) 11... Nd7 12. Nbd2 {
with an approximately equal position.}) 11. Bg5 Nh5 {This move came as a
surprise to me. First of all, Rauf played it instantly, and secondly - I
wasn't sure why he did it. I wasn't sure at all if I wanted to take on f6...} (
11... Nd8 $5 {seemed more logical as the knight-bishop duo can succesfully
fight for the e6-square.}) 12. Na3 $1 {I think this is a good move. Usually a
knight on d2 has more prospects, but this is not the case here. On a3 it can
go to 3 different squares, when from d2 only to c4.} Be6 {Another, pleasant!,
surprise. This move is common in such structures, but I felt that here, with
the bishop on g7, it's highly suspicious.} 13. Bxe6 fxe6 14. g3 {Taking f4
under control.} a6 15. Nh2 $5 {Intending to put the knight on g4, which seems
logical as the knight on f3 was doing absolutely nothing. However, it's
possible that there was no hurry and White could play Rad1, Nc2 first, to
centralise the pieces and think about the manoeuvring part of the game later.}
Nf6 16. Nc2 Nd8 {Starting from here it's visible that Black has no plan. And
White has.} 17. Rad1 $1 {A nice move, which prepares the c1-square for the
bishop.} Nf7 18. Bc1 b5 ({The computer believes that after} 18... d5 19. Ng4 (
19. Ne3 $5) 19... Nxg4 20. Qxg4 {Black is fine, but I have the feeling that
it's a wrong evalution - White must be better, because of his better pawn
structure.}) 19. Ng4 Nh5 $2 {Another move which in my opinion must be wrong.
The knight on h5 is doing nothing and there it made much more sense to put it
on d7 - or even exchange it.} 20. Ne1 $1 $14 {The knight on c2 wasn't bad, but
on f3 it can be even better - preparing d4 and looking to such squares as e5
or g5.} d5 $6 {This move has serious after-effects: the pawns on e6 and
especially e5 become horribly weak. It seems to me that it's too optimistic
here and it was better to wait and prepared for the moment when White would
push d3-d4.} 21. Nf3 Rae8 {From one point of view, it makes sense, as Black
wants to protect e5, from the other hand, it makes the rook on f8 a bit unsafe.
} 22. Rfe1 {Putting pressure on e5.} Qb7 23. b3 $1 {All the white pieces are
optimally placed, apart from the bishop c1. So, one can see that on a3, or
even on b2, it will be much better.} Qb6 24. Kg2 {A prophylactic move, to
avoid some unpleasant ...Nxg3 in the event of the disappearance of the c5-pawn.
} Qc6 {The third move in a row of the queen, what shows that Black is in an
unpleasant situation where there is no plan.} 25. Ba3 a5 26. Rc1 $1 $16 {
Another patient move, to properly prepare action in the centre. Now White is
ready to push and Black is well tied down!} Qb6 {Seems the best, but now White
has a nice kick to deliver.} 27. d4 $1 {Exactly at the right moment. All the
white pieces are ready and Black isn't.} exd4 (27... dxe4 {could lead to the
same position as in the game after} 28. Qxe4 exd4 (28... Nd6 $2 29. dxc5 $1)
29. cxd4 b4 30. Bb2) 28. cxd4 b4 29. Bb2 dxe4 30. Qxe4 Nd6 ({White was also
much better, if not winning, after} 30... cxd4 31. Bxd4 Bxd4 32. Qxd4 Qb7 33.
Qe4 {and the awkward position of the knight on h5 (ok, in fact all the black
pieces!) combined with weak pawns make Black's position hopeless.}) 31. Qd3 $2
({Mistake! I saw the correct} 31. dxc5 Nxe4 32. cxb6 Bxb2 33. Rc2 $1 {, but I
thought there is no reason to calculate it. However, there is nothing to
calculate - best for Black is} Nexg3 34. fxg3 Bc3 {where White is visibly
better after} 35. Rd1 {as the pawn on b6 will survive.}) 31... cxd4 32. Nge5 ({
I was about to play} 32. Bxd4 $2 {and missed the simple} Rxf3 $1 33. Qxf3 Bxd4
{and Black is at least fine.}) 32... Qb7 33. Bxd4 Nf5 $2 {A move which
finished on a good square, but the piece which landed there was the wrong one!}
({Much better was} 33... Rf5 $1 {and the only move for White to keep some edge
would be} 34. Kg1 $1 {. Later after} Nf7 35. Qe4 Qxe4 36. Rxe4 Nf6 37. Ree1 {
White would be still better, but only slightly - Black would significantly
improve the position of his pieces and so the chances for a draw.}) 34. Qe4 $1
{This move was probably missed by my opponent. Now White gets a much better
ending.} Qxe4 35. Rxe4 Nf6 36. Ree1 {In comparison with the line after 33...
Rf5! we see a big difference - the rook on f5 and the knight on f7 would be
much more useful for Black.} Nxd4 ({The computer suggests} 36... Ra8 $1 {
, but how one canplay such move, especially when short on time?}) 37. Nxd4 Nd5
38. Rc5 Nc3 $2 {After this move the game - objectively - is over. Almost
everything else was better, because the worst scenario for Black is to allow
a4.} 39. a4 $1 {Simple and strong - now Black is totally lost - the a4-pawn
should be a killer.} Bh6 40. Nef3 Bg7 {Now, after the time control, White is
about to win. The only problem in winning such positions is the feeling that
everything is winning. Such a feeling is tricky one, since you can easily lose
concentration...} 41. Nxe6 (41. Rxa5 {was easier}) 41... Rf6 42. Nf4 $2 ({After
} 42. Nfd4 Rf7 {(what else?)} 43. Nc6 Rf6 44. Rce5 {the game would be over.}) (
{At the beginning I wanted to play} 42. Nxg7 $6 {, but I was scared that Black
can hold the following position:} Rxe1 43. Nxe1 Ne4 $1 (43... Kxg7 44. Rxa5 {
is hopeless}) 44. Rc7 Rxf2+ 45. Kg1 Rb2 {. Computers, of course, show that
White should be still winning, but in a practical game you don't want to give
your opponent such a chance. Still, it wasn't worse than the move in the game!}
) 42... Rxe1 43. Nxe1 Rf5 44. Rc8+ Rf8 45. Rxf8+ Bxf8 {When this position
appeared on the board, I was sure it's easy to win it. The truth is that it's
not.} 46. Kf3 Kf7 ({The tricky computer shows that after} 46... Nb1 $5 47. Ke2
Nc3+ 48. Kd3 Bc5 {White should look for a victory after} 49. Nf3 Bxf2 50. g4 {
. The chances are decent, but it would be an achievment for Black to win a
pawn!}) 47. Ned3 Bd6 48. Ne2 Ke6 49. Nxc3 bxc3 50. Ne1 $4 {Here, not for the
first time in the game, I thought that White is winning after all moves.
However, this stupid move, which - for no reason! - worsens the position of
the knight, destroys everything! I was lucky to win the game later, but the
way I allowed my opponent to escape is very stupid - the move in the text
makes no sense and - of course! - I played it 'a tempo'...!} ({The winning
move was} 50. Ke3 $1 Kd5 ({after} 50... Ba3 51. Nf4+ Ke5 52. Kd3 Bc5 53. Kxc3
Ke4 54. Nd3 {it should be easy.}) 51. Nf4+ Bxf4+ 52. gxf4 {and the pawn ending
is lost for Black.}) 50... Bc5 ({Also} 50... Kd5 51. Ke2 (51. Ke3 Bc5+ 52. Ke2
Bb6) 51... Ke4 52. Nc2 h5 53. f3+ Kd5 54. g4 Ke5 55. Ke3 Bc5+ 56. Kd3 h4 {
was leading to a draw, as the black king creates serious counterplay on the
kingside.}) 51. Nc2 g5 ({Also possible was} 51... Kd5) 52. Ke2 Kd5 $2 {Giving
White a lot of tempi!} ({It was drawish after} 52... Ke5 53. f3 h5 54. Kd3 h4)
53. f3 Bd6 54. Ne3+ {This is what Black missed - now the knight is in the game
again and Black won't be able to break White's pawn chain.} Kc5 (54... Ke6 55.
g4 Bb4 56. Kd3 Ke5 57. Ng2 h6 58. Ne3 Kd6 (58... Kf4 59. Nd5+) 59. Nd1 $18) 55.
Nf5 Be5 56. Kd3 h5 $2 {Only this is losing!} ({Black was still able to save
the game by playing} 56... Kb4 {, but - it must be said - it requires a lot of
precise moves.} 57. Kc2 Kc5 58. g4 (58. f4 gxf4 59. gxf4 Bxf4 60. Kxc3 $11)
58... Bf6 59. Ng3 (59. Ne3 Kd4 60. Nc4 Bd8 61. Nd6 {leads to the main line})
59... Kd4 $1 60. Ne4 Bd8 61. Nd6 (61. Nxc3 Ke3) 61... Ke3 62. Nf5+ (62. Kxc3
Kxf3 63. Nf5 Kg2) 62... Kxf3 63. Kxc3 Kg2 64. b4 Kxh3 65. Nh6 axb4+ 66. Kxb4
Kg3 {and White is not quick enough to win.}) 57. g4 {Now White is winning
again.} h4 ({There were more chances for the draw after} 57... hxg4 58. hxg4
Kb4 59. Kc2 Kc5 60. Ne7 {and White should finally win the c3-pawn and the game.
}) 58. Ne3 Bf6 59. Nc4 Bg7 60. Kc2 Kb4 61. Nd6 {White is winning another pawn
now. The rest is simple} Kc5 62. Ne4+ Kd4 63. Nxg5 Ke3 64. Ne6 Bh8 65. f4 Ke4
66. f5 Be5 67. Nc5+ Kf3 68. Nd7 Bd6 69. g5 1-0